Technology, Management and Society

Na minha lista:
Detalhes bibliográficos
Autor principal: Drucker, Peter F.
Formato: Livro
Idioma:inglês
Publicado em: New York Harper and Row Publ. 1977
Edição:1. ed.
Tags: Adicionar Tag
Sem tags, seja o primeiro a adicionar uma tag!

MARC

LEADER 00000nam a2200000 4500
001 c028285
005 20221220102811.1
041 0 |a eng 
044 |a US 
245 1 0 |a Technology, Management and Society  |c Peter F. Drucker 
250 |a 1. ed. 
264 1 |a New York  |b Harper and Row Publ.  |c 1977 
300 |a 209 s. 
100 1 |a Drucker, Peter F.